000 00204 a2200097 4500
001 19611
100 _aBaer R M
245 _aDigital villain
260 _a
_bAddison Wesley
_c1972
090 _c14297
_d14297
942 _aNUST-CAE
_cM
_c4777
999 _c254684
_d254684